00915 2200313 4500001002100000005001500021035002000036007000300056008004100059040001700100100001500117245012000132250001000252300003400262504002700296020002200323041000800345082000800353084001400361090002100375260003700396650002700433700003100460850001000491990002500501990002500526990002500551990002500576INLIS00000000000237920260602021750 a0010-0220000230ta260602 0  aSBPUPADbInd0 aMario Seto1 aEnsiklopedia Mini Otak Manusia :bPanduan Serbu Tahu Tentang Otak Manusia /cMario Seto, Penyunting: Daru Wijayanti aCet.1 aiv, 64 hlm. :bilus. ;c28 cm aBibliografi, hlm 65-66 a978-602-5644-09-20 aInd a573 a573 MAR e a573 MAR e L17-R2 aYogyakarta :bIndopublika,c2018 4aIlmu Tentang Kehidupan0 aPenyunting: Daru Wijayanti aPUPAD a32.345/APBD/DPK/2019 a32.346/APBD/DPK/2019 a32.347/APBD/DPK/2019 a32.348/APBD/DPK/2019